| 000 | 004420000a22001810004500 | ||
|---|---|---|---|
| 003 | MACL | ||
| 005 | 20151028125030.0 | ||
| 008 | 151028b xxu||||| |||| 00| 0 eng d | ||
| 040 |
_aMACL _cMACL |
||
| 041 | _aEnglish | ||
| 082 | _a820/MCL | ||
| 100 |
_aMclellan,David _917118 |
||
| 245 |
_aMarxism After Marx _bFourth Edition |
||
| 260 |
_aNew york _bPalgrave _c1979 |
||
| 350 | _a425 | ||
| 650 |
_aLiterature _917119 |
||
| 942 |
_cBK _k820 _2ddc |
||
| 999 |
_c46447 _d46447 |
||